AH International Schools' Libraries

Should i share my ice cream? / (Record no. 47654)

MARC details
000 -LEADER
fixed length control field 00362nam a2200133 4500
020 ## - INTERNATIONAL STANDARD BOOK NUMBER
International Standard Book Number 9781423143437
100 ## - MAIN ENTRY--PERSONAL NAME
Personal name Willems, Mo
245 ## - TITLE STATEMENT
Title Should i share my ice cream? /
Statement of responsibility, etc Mo Willems
260 ## - PUBLICATION, DISTRIBUTION, ETC. (IMPRINT)
Place of publication, distribution, etc New York
Name of publisher, distributor, etc Hyperion Books
Date of publication, distribution, etc 2011
300 ## - PHYSICAL DESCRIPTION
Extent 57 p.
Other physical details col. ill.
Dimensions 23 cm.
490 ## - SERIES STATEMENT
Series statement An Elephant & Piggie Book
650 ## - SUBJECT ADDED ENTRY--TOPICAL TERM
Topical term or geographic name as entry element Story Book
9 (RLIN) 68345
942 ## - ADDED ENTRY ELEMENTS (KOHA)
Source of classification or shelving scheme
Koha item type Book
Holdings
Withdrawn status Lost status Source of classification or shelving scheme Damaged status Not for loan Home library Current library Date acquired Total Checkouts Full call number Barcode Date last seen Date checked out Price effective from Koha item type Shelving location Public note
          Asian Hope Early Years Library Asian Hope Early Years Library 10/24/2024 26 E WIL 206873 04/29/2026 03/24/2026 10/24/2024 Book    
          Asian Hope Early Years Library Asian Hope Early Years Library 05/12/2025   E WIL 207317 05/12/2025   05/12/2025 Book Easy Reading YEAR 1 BOOK

For any Logos Library related questions please contact Miss Art at swongnarasuk@asianhope.org.

For any Asian Hope Library related questions please contact Miss Raza at graza@asianhope.org.

Powered by Koha